Lettere di notte /

সংরক্ষণ করুন:
গ্রন্থ-পঞ্জীর বিবরন
প্রধান লেখক: Dessaix, Robert (লেখক)
অন্যান্য লেখক: Bartoloni, Paolo
বিন্যাস: গ্রন্থ
ভাষা:ইতালিয়
প্রকাশিত: Roma : Fazi, 1998
মালা:Le terre ; 19
ট্যাগগুলো: ট্যাগ যুক্ত করুন
কোনো ট্যাগ নেই, প্রথমজন হিসাবে ট্যাগ করুন!

MARC

LEADER 00000nam a22000007i 4500
001 IT\ICCU\LO1\0475803
003 ItRI
005 20260204164951.0
008 981125s1998 it |||||| ||||| |||||c
020 |a 8881120860 
040 |b ita  |c Arcigay Genova 
041 7 |a ita  |2 ISO-639-2 
082 |a 823  |2 19 
082 |a 828.993433  |2 20 
100 1 |a Dessaix, Robert  |0 IT\ICCU\LO1V\172638  |4 aut 
240 1 0 |a Night letters.  |9 Dessaix, Robert 
245 1 0 |a Lettere di notte /  |c Robert Dessaix ; traduzione di Paolo Bartoloni. 
260 |a Roma :  |b Fazi,  |c 1998 
300 |a 274 p. ;  |c 20 cm. 
700 1 |a Bartoloni, Paolo  |0 IT\ICCU\VIAV\092571 
830 3 |a Le terre ;  |v 19  |0 IT\ICCU\RAV\0275083 
942 |2 ddc  |c BK 
952 |0 0  |1 0  |2 ddc  |4 0  |6 828_993433000000000_DES_LET  |7 1  |9 3898  |a GE  |b GE  |d 2025-04-19  |l 0  |o 828.993433 DES LET  |p 1580  |r 2025-04-19 11:33:15  |w 2025-04-19  |x Donazione di Alvaro Bazzano  |y BK  |z Donazione AB 
952 |0 0  |1 0  |4 0  |6 DOC_823_300000000000000_DES  |7 0  |9 17465  |a BO  |b BO  |d 2026-01-15  |i 17522  |l 0  |o DOC 823.3 DES  |p BO17522  |r 2026-01-15 23:19:39  |w 2026-01-15  |x [Sebina 5] [1 v.]  |y BK  |z 1 v. 
999 |c 3035  |d 3035